ھار تينرو ہريش چند ر / (Record no. 109607)

MARC details
000 -LEADER
fixed length control field 00887nam a22002417a 4500
005 - DATE AND TIME OF LATEST TRANSACTION
control field 20200222124040.0
010 ## - LCCN (DPL NO)
LC control number B-210617
020 ## - INTERNATIONAL STANDARD BOOK NUMBER
Terms of availability 130.00
International Standard Book Number 8123013590
035 ## - SYSTEM CONTROL NUMBER
System control number B-210617
037 ## - SOURCE OF ACQUISITION
Source of stock number/acquisition Cen Lib/Ret
082 ## - DEWEY DECIMAL CLASSIFICATION NUMBER
Classification number 821.08
Item number ت ھ ا
100 ## - MAIN ENTRY--PERSONAL NAME
Personal name ھار تينرو ہريش چند ر
245 ## - TITLE STATEMENT
Title ھار تينرو ہريش چند ر /
Statement of responsibility, etc ھار تينرو ہريش چند ر
246 ## - VARYING FORM OF TITLE
Title proper/short title Bhartendu Harishchandra /
Remainder of title by Bhartendu Harishchandra
260 ## - PUBLICATION, DISTRIBUTION, ETC. (IMPRINT)
Place of publication, distribution, etc نیی دہلی
Name of publisher, distributor, etc پتلی کيشز ڈويسژن
Date of publication, distribution, etc 2006 ء
270 ## - ADDRESS
City نیی دہلی
Address حکو مت ہنر، سو چنا بھون، سی-جی-او کمپليکس
Postal code 110003
300 ## - PHYSICAL DESCRIPTION
Extent 160p.
Dimensions 20cm(pbk)
650 ## - SUBJECT ADDED ENTRY--TOPICAL TERM
Topical term or geographic name as entry element ادب -- اردو
650 ## - SUBJECT ADDED ENTRY--TOPICAL TERM
Topical term or geographic name as entry element اردو سونے عمری
650 ## - SUBJECT ADDED ENTRY--TOPICAL TERM
Topical term or geographic name as entry element Literature -- Urdu
650 ## - SUBJECT ADDED ENTRY--TOPICAL TERM
Topical term or geographic name as entry element Urdu biography
942 ## - ADDED ENTRY ELEMENTS (KOHA)
Source of classification or shelving scheme Dewey Decimal Classification
Item type Urdu Bks
Classification part 821.08
Call number suffix ب ھ ا
Holdings
Withdrawn status Lost status Not for loan Collection code Home library Current library Date acquired Source of acquisition Cost, normal purchase price Full call number Barcode Copy number Cost, replacement price Koha item type
      Non-fiction Central Library Central Library 12/04/2016 BPPD/Ven. 130.00 821.08 ب ھ ا B-210617 1 130.00 Urdu Bks

© Delhi Public Library
Hit Counter
free hit counter